Bytový dom

Enregistré dans:
Détails bibliographiques
Auteur principal: Jančo, Juraj (Auteur)
Autres auteurs: Prokopčáková, Katarína (Directeur de thèse)
Format: Manuscrit Livre
Langue:slovaque
Publié: 2020
Sujets:
Accès en ligne:http://is.stuba.sk/zp/portal_zp.pl?podrobnosti=136696
https://opac.crzp.sk/?fn=detailBiblioForm&sid=B5E6096D0905A43EEE061919D4C8
Tags: Ajouter un tag
Pas de tags, Soyez le premier à ajouter un tag!

MARC

LEADER 00000ntm a22000003a 4500
001 stuzp79607
003 SK-STU
005 20230517142208.2
007 ta
008 150427s2015----xo-----f-mn---000-0-slo-d
040 |a STU  |b slo 
041 0 |a slo 
100 1 |a Jančo, Juraj  |u 010270  |4 aut  |U SvF Stavebná fakulta  |T SvF Katedra technológie stavieb  |X 87300  |U V270  |Y 28  |7 87300 
242 0 1 |a Flat house  |y eng 
245 1 0 |a Bytový dom 
260 |c 2020 
650 4 |a statika  |2 slo 
650 4 |a technológia stavieb  |2 slo 
650 4 |a konštrukčné riešenie  |2 slo 
650 4 |a construction technology  |2 eng 
650 4 |a statics  |2 eng 
650 4 |a apartment  |2 eng 
700 1 |a Prokopčáková, Katarína  |u 010270  |k Z1  |4 ths  |U SvF Stavebná fakulta  |T SvF Katedra technológie stavieb  |X 854  |U V270  |Y 28  |7 A000000854 
856 4 |u http://is.stuba.sk/zp/portal_zp.pl?podrobnosti=136696 
856 4 |u https://opac.crzp.sk/?fn=detailBiblioForm&sid=B5E6096D0905A43EEE061919D4C8